00823nam a22002057a 4500999001900000005001700019010001300036020002600049035001200075037001600087082001100103100003100114245012200145246005200267260005500319270005800374300002100432942003000453952013400483 c189722d18972220220711164150.0 aUR-11641 a9789392496400c380.00 aU-10196 bDBAD/PUBa- a841.08 aاشفاق احمد عمر a‏اردو زبان کے امتیازات :bعہد غالب سے عصر حاضر تک /cاشفاق احمد عمر aUdu Zaban ke Imteyazaat /bby Ashfaq Ahmad Umar aNew DelhibEducational Publishing Housec2022 ء  aH.o. D1/16, Ansari Road, DaryaganjbNew Delhie110002 a264 صc22cm(Hb) 2ddccURh841.08mا ش ف 001040708NFICaLbLd2022-07-11eDBAD/PUBg380.00l0o841.08 ا ش فpU-10196r2022-07-11 00:00:00t1v380.00w2022-07-11yUR